Méjico y los refugiados (Record no. 85665)

MARC details
000 -LEADER
campo de control de longitud fija 00789nam a2200229 i 4500
001 - NÚMERO DE CONTROL
campo de control 85665
003 - IDENTIFICADOR DE NÚMERO DE CONTROL
campo de control ES-MaACL
005 - FECHA Y HORA DE LA ÚLTIMA TRANSACCIÓN
campo de control 20260305063019.0
007 - CAMPO FIJO DE DESCRIPCIÓN FÍSICA--INFORMACIÓN GENERAL
campo de control de longitud fija t|
008 - DATOS DE LONGITUD FIJA--INFORMACIÓN GENERAL
campo de control de longitud fija 041130s1959 mx ||||1| spa d
100 1# - ENTRADA PRINCIPAL--NOMBRE DE PERSONA
Nombre de persona Junco, Alfonso,
Fechas asociadas al nombre 1896-1974
9 (RLIN) 67276
245 10 - MENCIÓN DEL TÍTULO
Título Méjico y los refugiados
Resto del título : las cortes de paja y el corte de caja /
Mención de responsabilidad, etc. Alfonso Junco.
250 ## - MENCION DE EDICION
Mención de edición [1ª ed.].
260 ## - PUBLICACIÓN, DISTRIBUCIÓN, ETC.
Lugar de publicación, distribución, etc. México, D.F. :
Nombre del editor, distribuidor, etc. Jus,
Fecha de publicación, distribución, etc. 1959.
300 ## - DESCRIPCIÓN FÍSICA
Extensión 79 p. ;
Dimensiones 23 cm.
490 1# - MENCIÓN DE SERIE
Mención de serie Figuras y episodios de la historia de México ;
Designación de volumen o secuencia 76
650 04 - PUNTO DE ACCESO ADICIONAL DE MATERIA--TÉRMINO DE MATERIA
Término de materia o nombre geográfico como elemento de entrada Exiliados españoles-
Subdivisión geográfica México.
9 (RLIN) 12674
651 #4 - PUNTO DE ACCESO ADICIONAL DE MATERIA--NOMBRE GEOGRÁFICO
Nombre geográfico España-
Subdivisión general Relaciones-
Subdivisión geográfica México.
9 (RLIN) 165181
830 0# - PUNTO DE ACCESO ADICIONAL DE SERIE-TÍTULO UNIFORME
Título uniforme Figuras y episodios de la historia de México ;
Designación de volumen o secuencia 76
9 (RLIN) 181876
852 ## - LOCALIZACIÓN
Ubicación ES-MaACL
Número de control de estantería E-9421
Sublocalización o colección R.94207
Holdings
Estatus retirado Estado de pérdida Estado de daño No para préstamo Biblioteca de origen Biblioteca actual Ubicación en estantería Fecha de adquisición Fuente de adquisición Total de préstamos Signatura topográfica completa Código de barras Visto por última vez Precio de reemplazo Tipo de ítem Koha
        Biblioteca del Ateneo de Madrid Biblioteca del Ateneo de Madrid Depósito 2 17/01/2008     E-9421 1089512 23/02/2023 23/02/2023 Libro impreso